00222nam a22001097a 4500003000400000082001700004100002200021245002600043250000900069260002600078300000800104SGT a618.92bP16S aSRIVASTAVA, R.N.  aPEDIATRIC NEPHROLOGY  a6TH  aINDIA bJAYPEE c2016 a600